[Event "FIDE CB Open 2022"]
[Site "Ceske Budejovice"]
[Date "2022.07.09"]
[Round "9.42"]
[White "Zaza, Martin"]
[Black "Simajchl, Adam"]
[Result "1-0"]
[WhiteElo "1911"]
[BlackElo "1610"]
[Annotator "NA RC"]
[PlyCount "136"]
[EventDate "2022.07.01"]
[EventType "swiss"]
[EventCountry "CZE"]
[SourceTitle "playchess.com"]
[Source "ChessBase"]
[SourceQuality "1"]

1. e4 d5 2. exd5 Nf6 3. Bb5+ Bd7 4. Be2 Nxd5 5. d4 e6 6. Nf3 c5 7. c4 Nf6 8. d5 exd5 9. cxd5 Bd6 10. O-O O-O 11. Nc3 a6 12. Bg5 Bf5 13. Nh4 Bg6 14. Nxg6 hxg6 15. a4 Qc7 16. g3 Nbd7 17. Bf3 Rfe8 18. Bg2 Nh7 19. Be3 Nhf6 20. Rc1 Nb6 21. b3 Rad8 22. b4 Nc4 23. bxc5 Nxe3 24. cxd6 Qxd6 25. fxe3 Rxe3 26. Re1 Qb6 27. Rxe3 Qxe3+ 28. Kh1 Re8 29. Bf3 Rc8 30. Na2 Re8 31. d6 Qf2 32. Nc3 Kh7 33. Nd5 Re1+ 34. Qxe1 Qxf3+ 35. Kg1 Qxd5 36. Rd1 Qc5+ 37. Qf2 Qc6 38. Rd4 Qc1+ 39. Kg2 Qc6+ 40. Kh3 Qc8+ 41. g4 Qc3+ 42. Kg2 Qc6+ 43. Qf3 Qc2+ 44. Kh3 Qc5 45. Rd3 Nd7 46. Qd5 Qc1 47. Rf3 f6 48. Kg2 Qc2+ 49. Kf1 Qc1+ 50. Ke2 Qb2+ 51. Kd1 Qb1+ 52. Ke2 Qc2+ 53. Ke1 Qb1+ 54. Qd1 Qe4+ 55. Kf1 Qc4+ 56. Kf2 Qc5+ 57. Kg2 Qc6 58. Kh3 Ne5 59. Re3 Nd7 60. Qd3 Qxa4 61. Re7 Qc6 62. Qg3 Kg8 63. Qb3+ Kh7 64. Re8 Ne5 65. Qg8+ Kh6 66. Qh8+ Kg5 67. Qh4+ Kf4 68. Qg3+ Kg5 1-0

[Event "FIDE CB Open 2022"]
[Site "Ceske Budejovice"]
[Date "2022.07.09"]
[Round "9.43"]
[White "Chval, Zdenek"]
[Black "Pavlicek, Petr"]
[Result "1-0"]
[WhiteElo "2063"]
[BlackElo "1806"]
[Annotator "NA"]
[PlyCount "77"]
[EventDate "2022.07.01"]
[EventType "swiss"]
[EventCountry "CZE"]
[SourceTitle "playchess.com"]
[Source "ChessBase"]
[SourceQuality "1"]

1. e4 e6 2. d3 d5 3. Nd2 c5 4. g3 Nc6 5. Bg2 Nf6 6. Ngf3 Be7 7. O-O O-O 8. Re1 Qc7 9. Qe2 dxe4 10. Nxe4 Nxe4 11. dxe4 e5 12. c3 h6 13. Nd2 Be6 14. Nf1 Bg5 15. Bxg5 hxg5 16. Ne3 f6 17. Nd5 Qf7 18. Qb5 Rac8 19. Qxc5 g4 20. Qe3 Qh5 21. f3 Kf7 22. fxg4 Bxg4 23. Qf2 Rh8 24. Bf1 Rh6 25. Be2 Rch8 26. Ne3 Bxe2 27. Rxe2 Ne7 28. Rd1 Ke6 29. Red2 Qg6 30. Qf3 Kf7 31. Nf5 Nxf5 32. Qxf5 Qxf5 33. exf5 Re8 34. Rd8 Rh5 35. g4 Rh4 36. h3 Rxh3 37. Kg2 Rxd8 38. Rxd8 Ke7 39. Rg8 1-0

[Event "FIDE CB Open 2022"]
[Site "Ceske Budejovice"]
[Date "2022.07.09"]
[Round "9.44"]
[White "Nagyova, Daniela"]
[Black "Hammel, Juergen"]
[Result "1-0"]
[WhiteElo "1712"]
[BlackElo "1650"]
[Annotator "NA"]
[PlyCount "83"]
[EventDate "2022.07.01"]
[EventType "swiss"]
[EventCountry "CZE"]
[SourceTitle "playchess.com"]
[Source "ChessBase"]
[SourceQuality "1"]

1. e4 e5 2. Nf3 Nc6 3. Bc4 d6 4. a4 Bg4 5. d3 Nf6 6. c3 Na5 7. Ba2 c5 8. h3 Be6 9. Bg5 Be7 10. Nbd2 Qd7 11. Nf1 h6 12. Bxf6 Bxf6 13. Ne3 Bxa2 14. Rxa2 O-O 15. O-O Nc6 16. Nd5 Bd8 17. Ne3 Ne7 18. d4 cxd4 19. cxd4 exd4 20. Nxd4 Bb6 21. Ndf5 Bxe3 22. Nxe3 Rac8 23. b3 Rfe8 24. Rd2 Qe6 25. Nc4 Rc6 26. Nxd6 Rd8 27. Nxb7 Rxd2 28. Qxd2 Ng6 29. Qe3 Qc8 30. Na5 Rc3 31. Qxa7 Nf4 32. f3 Qd8 33. Rf2 Qg5 34. Kh2 Qe5 35. Nc4 Qf6 36. e5 Qg5 37. Qa8+ Kh7 38. Qe4+ g6 39. Ne3 Nh5 40. Ng4 Kg7 41. e6 Re3 42. Qxe3 1-0

[Event "FIDE CB Open 2022"]
[Site "Ceske Budejovice"]
[Date "2022.07.09"]
[Round "9.45"]
[White "Vojtek, Pavel"]
[Black "Pisar, Tomas"]
[Result "1/2-1/2"]
[WhiteElo "1711"]
[BlackElo "1640"]
[Annotator "NA RC"]
[PlyCount "30"]
[EventDate "2022.07.01"]
[EventType "swiss"]
[EventCountry "CZE"]
[SourceTitle "playchess.com"]
[Source "ChessBase"]
[SourceQuality "1"]

1. c4 Nf6 2. g3 g6 3. Bg2 Bg7 4. Nc3 O-O 5. d4 c5 6. Nf3 cxd4 7. Nxd4 Nc6 8. e3 e6 9. Ndb5 d5 10. cxd5 exd5 11. O-O a6 12. Nd4 Nxd4 13. exd4 b5 14. Bg5 Be6 15. Qd2 Qd7 1/2-1/2

[Event "FIDE CB Open 2022"]
[Site "Ceske Budejovice"]
[Date "2022.07.09"]
[Round "9.46"]
[White "Jilek, Marcel"]
[Black "Rybackova, Lucie"]
[Result "0-1"]
[WhiteElo "1565"]
[BlackElo "1696"]
[Annotator "NA RC"]
[PlyCount "58"]
[EventDate "2022.07.01"]
[EventType "swiss"]
[EventCountry "CZE"]
[SourceTitle "playchess.com"]
[Source "ChessBase"]
[SourceQuality "1"]

1. e4 c5 2. Nf3 e6 3. d4 cxd4 4. Nxd4 a6 5. Nc3 Qc7 6. Be3 Bb4 7. Nde2 Nf6 8. a3 Be7 9. Na4 Nc6 10. Nb6 Rb8 11. Nc3 O-O 12. f4 d6 13. Nc4 b5 14. Nd2 Bb7 15. g4 d5 16. e5 Nxe5 17. Rg1 Nc4 18. Nxc4 dxc4 19. g5 Ne4 20. Nxe4 Bxe4 21. Bg2 Qc6 22. Qg4 Rfd8 23. f5 exf5 24. Bxe4 Qxe4 25. Qxe4 fxe4 26. Rg4 Re8 27. O-O-O Bf8 28. Rd4 Bc5 29. Rdxe4 Bxe3+ 0-1

[Event "FIDE CB Open 2022"]
[Site "Ceske Budejovice"]
[Date "2022.07.09"]
[Round "9.47"]
[White "Svoboda, Petr"]
[Black "Svejda, Karel"]
[Result "1-0"]
[WhiteElo "2088"]
[BlackElo "1619"]
[Annotator "NA"]
[PlyCount "71"]
[EventDate "2022.07.01"]
[EventType "swiss"]
[EventCountry "CZE"]
[SourceTitle "playchess.com"]
[Source "ChessBase"]
[SourceQuality "1"]

1. e4 c5 2. Nf3 Nc6 3. d4 cxd4 4. Nxd4 Nf6 5. Nc3 e5 6. Ndb5 d6 7. Bg5 a6 8. Na3 b5 9. Bxf6 gxf6 10. Nd5 f5 11. exf5 Bxf5 12. Bd3 Be6 13. Qf3 Bxd5 14. Qxd5 Ne7 15. Qb7 Bh6 16. Be4 d5 17. Rd1 O-O 18. Bxd5 Nxd5 19. Rxd5 Qa5+ 20. c3 Rad8 21. O-O Rxd5 22. Qxd5 Rd8 23. Qxe5 Rd2 24. Nc4 Qxa2 25. Nxd2 Bxd2 26. Qd4 Qxb2 27. Rd1 Bh6 28. Qf6 Bf8 29. h3 Qa3 30. Rd3 Bg7 31. Rg3 Qf8 32. Qxa6 Qc5 33. Qa8+ Qf8 34. Qc6 Qb8 35. Qc5 Qe8 36. Qg5 1-0

[Event "FIDE CB Open 2022"]
[Site "Ceske Budejovice"]
[Date "2022.07.09"]
[Round "9.48"]
[White "Svoboda, Daniel"]
[Black "Hladky, Mikulas"]
[Result "1/2-1/2"]
[WhiteElo "1679"]
[BlackElo "1549"]
[Annotator "NA"]
[PlyCount "51"]
[EventDate "2022.07.01"]
[EventType "swiss"]
[EventCountry "CZE"]
[SourceTitle "playchess.com"]
[Source "ChessBase"]
[SourceQuality "1"]

1. e4 e5 2. Nf3 Nc6 3. Bb5 a6 4. Ba4 Nf6 5. d4 Nxd4 6. Nxd4 exd4 7. e5 Qe7 8. O-O Ne4 9. Qxd4 Nc5 10. Bb3 Nxb3 11. cxb3 Qc5 12. Be3 Qxd4 13. Bxd4 Be7 14. Nc3 c6 15. Ne4 O-O 16. Nd6 f6 17. f4 Rb8 18. Nf5 Bd8 19. Bc5 Re8 20. Rae1 d5 21. Nd6 Re6 22. f5 Rxe5 23. Bd4 Rxe1 24. Rxe1 Bd7 25. g4 b6 26. Bf2 1/2-1/2

[Event "FIDE CB Open 2022"]
[Site "Ceske Budejovice"]
[Date "2022.07.09"]
[Round "9.49"]
[White "Krejci, Vera Marie"]
[Black "Rybacek, Martin"]
[Result "*"]
[WhiteElo "1554"]
[BlackElo "1650"]
[Annotator "NA RC"]
[PlyCount "20"]
[EventDate "2022.07.01"]
[EventType "swiss"]
[EventCountry "CZE"]
[SourceTitle "playchess.com"]
[Source "ChessBase"]
[SourceQuality "1"]

1. e4 c6 2. Nf3 d5 3. Nc3 Bg4 4. Be2 e6 5. O-O Bd6 6. d3 Nd7 7. Bd2 Ngf6 8. h3 Bxf3 9. Bxf3 O-O 10. Re1 Ne5 *

[Event "FIDE CB Open 2022"]
[Site "Ceske Budejovice"]
[Date "2022.07.09"]
[Round "9.50"]
[White "Petirova, Iva"]
[Black "Smola, David"]
[Result "1-0"]
[WhiteElo "1722"]
[BlackElo "1609"]
[Annotator "NA"]
[PlyCount "55"]
[EventDate "2022.07.01"]
[EventType "swiss"]
[EventCountry "CZE"]
[SourceTitle "playchess.com"]
[Source "ChessBase"]
[SourceQuality "1"]

1. e4 c5 2. c3 d6 3. d4 cxd4 4. cxd4 Nf6 5. Nc3 g6 6. Nf3 Bg7 7. Bd3 O-O 8. O-O Nc6 9. h3 Bd7 10. Be3 Rc8 11. a3 Na5 12. Rc1 Nc4 13. Bxc4 Rxc4 14. Qb3 Rc7 15. d5 b6 16. Nd4 Qb8 17. f4 Bh6 18. g4 Qc8 19. Ncb5 Rc5 20. Nxa7 Qa8 21. Nac6 Nxe4 22. Nxe7+ Kh8 23. Ndc6 Bxc6 24. dxc6 Qd8 25. Nd5 Rxc1 26. Rxc1 Qc8 27. Nxb6 Qc7 28. Nd5 1-0

[Event "FIDE CB Open 2022"]
[Site "Ceske Budejovice"]
[Date "2022.07.09"]
[Round "9.51"]
[White "Jodas, Daniel"]
[Black "Almaini, Aishah Sarhan"]
[Result "1-0"]
[WhiteElo "1614"]
[BlackElo "1615"]
[Annotator "NA"]
[PlyCount "105"]
[EventDate "2022.07.01"]
[EventType "swiss"]
[EventCountry "CZE"]
[SourceTitle "playchess.com"]
[Source "ChessBase"]
[SourceQuality "1"]
[WhiteTeam "Iceland"]
[BlackTeam "Latvia"]
[WhiteTeamCountry "ISL"]
[BlackTeamCountry "LAT"]

1. e4 g6 2. d4 Bg7 3. Nf3 d6 4. Be2 c5 5. dxc5 Qa5+ 6. Bd2 Qxc5 7. Nc3 a6 8. O-O Nf6 9. Be3 Qc7 10. Nd4 O-O 11. h3 b5 12. a3 Bb7 13. Bf3 Nbd7 14. g3 Nc5 15. Nd5 Ncxe4 16. Nxc7 Rac8 17. Ncxb5 axb5 18. Nxb5 Nd7 19. c3 Ne5 20. Bg2 Nc4 21. Qc2 d5 22. Rad1 Nxg3 23. fxg3 Nxe3 24. Qe2 Nxf1 25. Kxf1 e6 26. Nd6 Rb8 27. Nxb7 Rxb7 28. Rd2 Rc7 29. Kg1 Rd8 30. a4 Rcd7 31. Kh1 Bh6 32. Rd1 Ra7 33. Qb5 Raa8 34. Qb3 Rab8 35. Qa2 Rdc8 36. a5 Bf8 37. a6 Bc5 38. Bf1 Ba7 39. Rd3 d4 40. Bg2 e5 41. h4 Kg7 42. Qd5 Re8 43. Qd7 e4 44. Bxe4 Rxe4 45. Qxa7 Rbe8 46. Rd2 Rg4 47. Qd7 Re1+ 48. Kg2 Rge4 49. a7 Ra1 50. Rf2 Ree1 51. Qxf7+ Kh6 52. Qf8+ Kh5 53. a8=Q 1-0